000
00295nam a22001217a 4500
008
180515b xxu||||| |||| 00| 0 eng d
041
_a
eng
080
_a
043.3
100
_a
0
101
_a
MBE-BA
245
_a
Zhvillimi dhe Trajnimi i Punonjesve ne NVM Kosovare
_c
Rexhepi, R
942
_2
udc
_c
BK
999
_c
45824
_d
45824